Left-Hand Driving Countries - Statistics

General Stats
  • This quiz has been taken 91 times
  • The average score is 40 of 54
Answer Stats
Continent Country % Correct
Europe United Kingdom
97%
Oceania Australia
95%
Asia India
89%
Oceania New Zealand
88%
Europe Ireland
84%
Asia Bhutan
83%
Asia Indonesia
83%
Asia Japan
83%
Africa South Africa
83%
Asia Thailand
83%
Asia Malaysia
81%
Africa Botswana
80%
Asia/Europe Cyprus
80%
Africa Zambia
80%
Oceania Fiji
78%
Asia Nepal
78%
North America Antigua and Barbuda
77%
North America Bahamas
77%
North America Barbados
77%
Africa Kenya
77%
Africa Namibia
77%
Asia Pakistan
77%
Oceania Tonga
77%
North America Jamaica
75%
Europe Malta
75%
Asia Singapore
75%
Africa Tanzania
75%
Africa Zimbabwe
75%
Asia Bangladesh
73%
Africa Eswatini
73%
North America Grenada
72%
Africa Lesotho
72%
Africa Mozambique
72%
South America Suriname
72%
North America Trinidad and Tobago
72%
Oceania Tuvalu
72%
North America Dominica
70%
South America Guyana
70%
North America Saint Kitts and Nevis
70%
North America Saint Lucia
70%
Oceania Nauru
69%
Oceania Papua New Guinea
69%
North America Saint Vincent and the Grenadines
69%
Asia Sri Lanka
69%
Asia Brunei
67%
Africa Malawi
67%
Africa Uganda
67%
Oceania Kiribati
66%
Asia Maldives
61%
Oceania Samoa
61%
Asia East Timor
59%
Africa Seychelles
55%
Oceania Solomon Islands
55%
Africa Mauritius
48%
No matching quizzes found
Score Distribution
Percent of People with Each Score
Percentile by Number Answered
Your Score History
You have not taken this quiz